|
|
|
|
| LEADER |
00000nam0a2200000 4500 |
| 001 |
105665 |
| 005 |
20231031114525.0 |
| 010 |
|
|
|a 581140574X
|
| 035 |
|
|
|a (RuTPU)RU\TPU\book\114017
|
| 090 |
|
|
|a 105665
|
| 100 |
|
|
|a 20061120d2006 km y0rusy50 ca
|
| 101 |
0 |
|
|a rus
|
| 102 |
|
|
|a RU
|
| 105 |
|
|
|a y j 000zy
|
| 200 |
1 |
|
|a Сборник заданий по высшей математике: типовые расчеты
|e учебное пособие
|f Л. А. Кузнецов
|
| 205 |
|
|
|a 8-е изд., стер.
|
| 210 |
|
|
|a СПб.
|c Лань
|d 2006
|
| 215 |
|
|
|a 240 с.
|
| 225 |
1 |
|
|a Учебник для вузов. Специальная литература
|
| 330 |
|
|
|a Пособие содержит индивидуальные задания для студентов технических вузов по курсу высшей математики (по 31 варианту в каждой задаче) и предназначено для обеспечения самостоятельной работы по освоению курса. Каждое задание содержит теоретические вопросы, теоретические упражнения и расчетную часть. Книга содержит раздел, посвященный уравнениям математической физики.
|
| 451 |
|
1 |
|0 (RuTPU)RU\TPU\book\149688
|y 978-5-8114-0574-9
|t Сборник заданий по высшей математике: типовые расчеты
|o учебное пособие
|f Л. А. Кузнецов
|e 10-е изд., стер.
|c СПб.
|n Лань
|d 2008
|p 240 с.
|a Кузнецов, Леонид Анатольевич
|
| 451 |
|
1 |
|0 (RuTPU)RU\TPU\book\108552
|y 5-8114-0574-X
|t Сборник заданий по высшей математике: типовые расчеты
|o учебное пособие
|f Л. А. Кузнецов
|e 7-е изд., стер.
|c СПб.
|n Лань
|d 2005
|p 240 с.
|s Учебники для вузов. Специальная литература
|a Кузнецов, Леонид Антонович
|
| 610 |
1 |
|
|a высшая математика
|
| 610 |
1 |
|
|a учебные пособия
|
| 610 |
1 |
|
|a индивидуальные задания
|
| 610 |
1 |
|
|a типовые расчеты
|
| 610 |
1 |
|
|a пределы
|
| 610 |
1 |
|
|a дифференцирование
|
| 610 |
1 |
|
|a графики
|
| 610 |
1 |
|
|a интегралы
|
| 610 |
1 |
|
|a дифференциальные уравнения
|
| 610 |
1 |
|
|a ряды
|
| 610 |
1 |
|
|a кратные интегралы
|
| 610 |
1 |
|
|a векторный анализ
|
| 610 |
1 |
|
|a аналитическая геометрия
|
| 610 |
1 |
|
|a линейная алгебра
|
| 610 |
1 |
|
|a математическая физика
|
| 675 |
|
|
|a 51(076)
|v 3
|
| 700 |
|
1 |
|a Кузнецов
|b Л. А.
|g Леонид Анатольевич
|
| 801 |
|
1 |
|a RU
|b 63413507
|c 20061120
|g PSBO
|
| 801 |
|
2 |
|a RU
|b 63413507
|c 20210209
|g PSBO
|
| 900 |
|
|
|a Высшая математика
|
| 942 |
|
|
|c BK
|
| 959 |
|
|
|a 96/20061120
|d 2
|e 99,97
|f АНЛ:1
|f НФ:1
|
| 959 |
|
|
|a 19/20070216
|d 30
|e 0
|f УФ:30
|